| 000 | 00530nam a22001817a 4500 | ||
|---|---|---|---|
| 999 |
_c160058 _d160058 |
||
| 005 | 20190114131946.0 | ||
| 010 | _aENG-124636 | ||
| 020 |
_a9789350578223 _c250.00 |
||
| 035 | _aEN-108168 | ||
| 037 | _bDBAD/PUB | ||
| 082 | _a616.4620654 | ||
| 100 | _aSethi, A.K. | ||
| 245 |
_aCuring diabetes/ _cby A.K. Sethi |
||
| 260 |
_aNew Delhi _bV & S Publishers _c2017 |
||
| 270 |
_aF-2/16, Ansari Road, Daryaganj, _bNew Delhi _e110002 |
||
| 300 |
_a100p. _c21cm.(pbk) _bill. |
||
| 942 |
_2ddc _cEN _mSET _h616.4620654 |
||